| 000 | | | 06058cbc2a2200000#x 450 |
| 001 | | | 15d1dd64-ddb1-4d50-9f21-53e909d665f1 |
| 005 | | | 20180911132649.0 |
| 100 | ## | $a | 20150421l18211821k l0rusy0189 ca |
| 101 | 0# | $a | rus |
| 102 | ## | $a | RU |
| 200 | 1# | $a | Дело об отклонении просьбы Г. Фавицкого о напечатании за счет казны его рукописи "Путешествие в Москву барона С. Герберштейна в 16 веке", перевод с латинского, в связи с отрицательными отзывами о переводе академиков Я. Д. Захарова и Ф. И. Круга |
| | $j | 18 июня - 26 сентября 1821 г. |
| 251 | ## | $c | Дело |
| 300 | ## | $a | Рукописный текст. Чернила |
| 300 | ## | $a | Оригинальный заголовок дела: Дело по отношению начальника Главного штаба о доставлении мнения о книге: Путешествие в Москву барона Герберштейна в XVI-м столетии, представленной сочинителем оной Фовицким, для напечатания за счет казны. 18 июня - 26 сентября 1821 г. |
| 801 | #0 | $a | RU |
| | $b | РГИА |
| | $c | 20150421 |
| 801 | #1 | $a | RU |
| | $b | ГлавНИВЦ |
| | $c | 20150421 |
| | $2 | rusmarc |
| 801 | #2 | $a | RU |
| | $b | ПБ им. Б.Н. Ельцина |
| | $c | 20151229 |
| | $g | RCR |
| | $2 | rusmarc |
| 850 | ## | $a | Федеральное казенное учреждение "Российский государственный исторический архив" (РГИА) |
| 852 | ## | $a | РГИА |
| | $j | 163 |
| 937 | ## | $h | РГИА |
| | $d | 11411746 |
| | $a | ASBIBLIO_SCAN |
| 462 | #0 | $1 | 0017ff33d0d-4fb3-4ffd-a38b-3e370d0d7251 |
| | $1 | 2001 |
| | $a | Общие дела 1-го отделения Департамента народного просвещения за 1818-1840 гг. |
| | $v | Д. 163 |
| | $1 | 251 |
| | $c | Опись |
| | $1 | 852 |
| | $j | 87 |
| 461 | #0 | $1 | 001a74412a3-3cc5-4d21-8f0a-dfe2fbd9e72d |
| | $1 | 2001 |
| | $a | Департамент народного просвещения Министерства народного просвещения |
| | $1 | 251 |
| | $c | Фонд |
| | $1 | 852 |
| | $j | 733 |
| 215 | ## | $a | 20 листов |
| | $d | 36,5х26 см |
| 371 | ## | $a | Документ не является опубликованным и широко распространяемым |
| 105 | ## | $a | y### |
| 122 | 2# | $a | d18210618## |
| | $a | d18210926## |
| 517 | 1# | $a | Дело по отношению начальника Главного штаба о доставлении мнения о книге: Путешествие в Москву барона Герберштейна в XVI-м столетии, представленной сочинителем оной Фовицким, для напечатания за счет казны |
| | $e | 18 июня - 26 сентября 1821 г. |
| 035 | ## | $a | 15d1dd64-ddb1-4d50-9f21-53e909d665f1 |
| 604 | ## | $1 | 50010 |
| | $2 | prlib_sh |
| | $3 | LIBNET\UAF\0000077210 |
| | $a | "Записки о Московии" |
| | $j | Документы и материалы |
| | $1 | 700 1 |
| | $a | Герберштейн |
| | $b | С. |
| | $f | 1486–1566 |
| | $g | Сигизмунд |
| 607 | ## | $2 | nlr_sh |
| | $3 | RU\NLR\AUTH\661257301 |
| | $a | Россия |
| | $j | Документы и материал |
| | $x | История |
| | $x | Отзывы иностранцев |
| | $z | 16 в. |
| 605 | ## | $2 | acquisition_Prlib |
| | $3 | LIBNET\UAF\0000077176 |
| | $a | Россика |
| | $l | коллекция |
| 605 | ## | $a | Россия и страны мира |
| | $l | коллекция |
| | $2 | acquisition_Prlib |
| | $3 | DITM\AF\0000004461 |
| 605 | ## | $a | Народ |
| | $l | коллекция |
| | $2 | acquisition_Prlib |
| | $3 | DITM\AF\0000003834 |
| 686 | ## | $2 | rubbk |
| | $a | 63.3(2)52-7ю1 |
| | $v | LBC/M |